| 000 | 00000nam 22000008a 4500 |
| 001 | 9.856829 |
| 003 | CaOODSP |
| 005 | 20240212083826 |
| 007 | cr ||||||||||| |
| 008 | 180522s2018 qucd ob f000 0 eng d |
| 020 | |a9780660266503 |
| 040 | |aCaOODSP|beng |
| 043 | |an-cn---|an-cn-yk |
| 086 | 1 |aEm20-98/2018E-PDF |
| 245 | 00|aEvaluation of the Canada–Yukon Labour Market Development Agreement |h[electronic resource] : |bsynthesis report / |cEvaluation Directorate, Strategic and Service Policy Branch. |
| 260 | |a[Gatineau, QC] : |bEmployment and Social Development Canada, |c2018. |
| 300 | |axvi, 72 p. : |bcol. charts + |e1 v. |
| 500 | |aIssued also in French under title: Évaluation de l’Entente sur le développement du marché du travail entre le Canada et le Yukon : rapport de synthèse. |
| 500 | |aCover title. |
| 500 | |a"February 8, 2018." |
| 500 | |aIncludes report summary. |
| 500 | |aIssued also in HTML format. |
| 504 | |aIncludes bibliographical references (p. 45-46). |
| 520 | |a"Employment and Social Development Canada (ESDC) worked jointly with Yukon and 11 other Provinces and Territories (P/Ts) to undertake the 2012-2017 second cycle of the Labour Market Development Agreement (LMDA) evaluation. Under LMDAs, Canada transfers $2.14B in Employment Insurance (EI) Part II funds to P/Ts for the design and delivery of programs and services to help unemployed individuals (mainly those eligible under EI) find and maintain employment. Specifically, Yukon receives approximately $3.25M in EBSM funding each year"--Executive summary, p. v. |
| 692 | 07|2gccst|aEmployment programs |
| 692 | 07|2gccst|aFederal provincial agreements |
| 692 | 07|2gccst|aAssessment |
| 710 | 1 |aCanada. |bEmployment and Social Development Canada. |bEvaluation Directorate. |
| 775 | 08|tÉvaluation de l’Entente sur le développement du marché du travail entre le Canada et le Yukon |w(CaOODSP)9.856830 |
| 794 | |tEvaluation of the Canada-Yukon Labour Market Development Agreement : |w(CaOODSP)9.930099 |
| 856 | 40|qPDF|s1.18 MB|uhttps://publications.gc.ca/collections/collection_2018/edsc-esdc/Em20-98-2018-eng.pdf|zReport |
| 856 | 40|qPDF|s83 KB|uhttps://publications.gc.ca/collections/collection_2018/edsc-esdc/Em20-98-2018-1-eng.pdf|zSummary |
| 856 | 4 |qHTML|sN/A|uhttps://www.canada.ca/en/employment-social-development/corporate/reports/evaluations/labour-market-development-agreement-yukon.html|zReport |
| 856 | 4 |qHTML|sN/A|uhttps://www.canada.ca/en/employment-social-development/corporate/reports/evaluations/labour-market-development-agreement-yukon/summary.html|zSummary |
| 986 | |aSP-1176-05-18E |